000 00407cam a2200169ua 4500
020 _c4.00
041 _amal
_h
082 _a894.812 308
_bANN/AN
100 _aAnnie, Thayyil .
245 _aAnna Karenena /
_cAnnie Thayyil.
_hTextual Documents
260 _aKottayam :
_bNational Book Stall ,
_c1959.
300 _a762 ; .
365 _a4.00
504 _a
942 _cBK
999 _c6490
_d6490